[Event "Bruges Masters 2018"]
[Site "Brugge"]
[Date "2018.08.16"]
[Round "1"]
[White "Nikolov, Momchil"]
[Black "Milosevic, Gligor"]
[Result "1-0"]
[WhiteElo "2549"]
[BlackElo "2178"]
[Annotator "TA"]
[PlyCount "39"]
[EventDate "2018.08.12"]
[EventType "swiss"]
[EventCountry "BEL"]
[SourceTitle "playchess.com"]
[Source "ChessBase"]
[SourceQuality "1"]

{[%evp 29,39,35,35,34,45,41,33,36,43,43,56,43]} 1. d4 {Mikhalchishin,A} d5 2. c4 c6 3. Nf3 Nf6 4. Nc3 dxc4 5. a4 Bf5 6. Ne5 Nbd7 7. Nxc4 Qc7 8. g3 e5 9. dxe5 Nxe5 10. Bf4 Nfd7 11. Bg2 g5 {D17: Slav Defence: 5 a4 Bf5: Lines with 6 Nh4 and 6 Ne5} 12. Nxe5 gxf4 13. Nxd7 O-O-O 14. Qd4 Qxd7 15. Qxf4 Bd6 {LiveBook: 55 Games. White is slightly better.} 16. Qc1 h5 17. O-O Kb8 18. h4 Rhg8 19. a5 {[#]} a6 $146 20. Ra4 1-0

[Event "Bruges Masters 2018"]
[Site "Brugge"]
[Date "2018.08.16"]
[Round "1"]
[White "Turner, Matthew J"]
[Black "Villiers, Thomas"]
[Result "1-0"]
[WhiteElo "2533"]
[BlackElo "2164"]
[Annotator "ChessBase"]
[PlyCount "93"]
[EventDate "2018.08.12"]
[EventType "swiss"]
[EventCountry "BEL"]
[SourceTitle "playchess.com"]
[Source "ChessBase"]
[SourceQuality "1"]
[TimeControl "5400+30"]

1. d4 {[%emt 0:00:00]} g6 {[%emt 0:00:25]} 2. Nf3 {[%emt 0:00:00]} Bg7 {[%emt 0:00:09]} 3. c4 {[%emt 0:00:36]} d6 {[%emt 0:00:22]} 4. g3 {[%emt 0:00:10]} b6 {[%emt 0:00:11]} 5. Bg2 {[%emt 0:00:37]} Bb7 {[%emt 0:00:05]} 6. d5 {[%emt 0:00:51]} e5 {[%emt 0:02:37]} 7. dxe6 {[%emt 0:00:24]} fxe6 {[%emt 0:00:07]} 8. O-O {[%emt 0:00:13]} Qe7 {[%emt 0:01:18]} 9. Bh3 {[%emt 0:05:45]} Nc6 {[%emt 0:01:41]} 10. Qa4 {[%emt 0:01:10]} Nh6 {[%emt 0:01:25]} 11. Bxh6 {[%emt 0:05:56]} Bxb2 {[%emt 0:01:53]} 12. Nbd2 {[%emt 0:00:36]} Bxa1 {[%emt 0:00:21]} 13. Rxa1 {[%emt 0:00:06]} O-O-O {[%emt 0:00:41]} 14. Nb3 {[%emt 0:03:18]} Rde8 {[%emt 0:02:22]} 15. Rd1 {[%emt 0:02:56]} Kb8 {[%emt 0:02:11]} 16. Nbd4 {[%emt 0:01:37]} Nd8 {[%emt 0:11:36]} 17. Bg5 {[%emt 0:00:30]} Qf7 {[%emt 0:00:07]} 18. Bxd8 {[%emt 0:00:29]} Rxd8 {[%emt 0:00:05]} 19. Nc6+ {[%emt 0:01:48]} Bxc6 {[%emt 0:00:20]} 20. Qxc6 {[%emt 0:00:03]} Qe8 {[%emt 0:00:46]} 21. Nd4 {[%emt 0:00:24]} e5 {[%emt 0:00:18]} 22. Bg2 {[%emt 0:00:21]} Qxc6 {[%emt 0:02:54]} 23. Nxc6+ {[%emt 0:00:08]} Kc8 {[%emt 0:00:01]} 24. Nxd8 {[%emt 0:01:34]} Kxd8 {[%emt 0:00:05]} 25. Bc6 {[%emt 0:00:56]} Ke7 {[%emt 0:00:06]} 26. Kg2 {[%emt 0:00:12]} Rf8 {[%emt 0:00:04]} 27. e3 {[%emt 0:00:08]} g5 {[%emt 0:00:05]} 28. Bf3 {[%emt 0:01:11]} Kd7 {[%emt 0:00:12]} 29. h4 {[%emt 0:00:56]} gxh4 {[%emt 0:00:11]} 30. Rh1 {[%emt 0:00:12]} h6 {[%emt 0:00:28]} 31. Rxh4 {[%emt 0:00:07]} Rf6 {[%emt 0:00:03]} 32. Rg4 {[%emt 0:00:12]} Ke7 {[%emt 0:00:38]} 33. Bd5 {[%emt 0:00:23]} a5 {[%emt 0:00:22]} 34. Rg7+ {[%emt 0:00:18]} Kd8 {[%emt 0:00:05]} 35. a4 {[%emt 0:00:17]} h5 {[%emt 0:00:43]} 36. Rh7 {[%emt 0:01:02]} Rf5 {[%emt 0:00:05]} 37. Bc6 {[%emt 0:00:50]} Rg5 {[%emt 0:00:13]} 38. Rd7+ {[%emt 0:00:23]} Kc8 {[%emt 0:00:03]} 39. Re7 {[%emt 0:00:08]} Rg8 {[%emt 0:00:10]} 40. Rh7 {[%emt 0:00:23]} Kd8 {[%emt 0:00:11]} 41. Rxh5 {[%emt 0:00:07]} Rg7 {[%emt 0:00:05]} 42. f4 {[%emt 0:00:31]} exf4 {[%emt 0:00:03]} 43. exf4 {[%emt 0:00:05]} Ke7 {[%emt 0:00:03]} 44. Kf3 {[%emt 0:00:09]} Kf6 {[%emt 0:00:03]} 45. Rh6+ {[%emt 0:00:19]} Kf5 {[%emt 0:00:08]} 46. Bd7+ {[%emt 0:00:10]} Rxd7 {[%emt 0:00:07]} 47. g4# {[%emt 0:00:03] Ke4+ Kxe4*} 1-0

[Event "Bruges Masters 2018"]
[Site "Brugge"]
[Date "2018.08.16"]
[Round "1"]
[White "Wan, Yunguo"]
[Black "Mesman, Edwyn"]
[Result "1-0"]
[WhiteElo "2501"]
[BlackElo "2154"]
[Annotator "ChessBase"]
[PlyCount "41"]
[EventDate "2018.08.12"]
[EventType "swiss"]
[EventCountry "BEL"]
[SourceTitle "playchess.com"]
[Source "ChessBase"]
[SourceQuality "1"]
[TimeControl "5400+30"]

1. e4 {[%emt 0:01:08]} c5 {[%emt 0:00:15]} 2. Nf3 {[%emt 0:00:10]} d6 {[%emt 0:00:44]} 3. d4 {[%emt 0:00:07]} cxd4 {[%emt 0:00:04]} 4. Nxd4 {[%emt 0:00:08]} Nf6 {[%emt 0:00:04]} 5. Nc3 {[%emt 0:00:06]} a6 {[%emt 0:00:02]} 6. Bg5 {[%emt 0:00:47]} Nbd7 {[%emt 0:00:22]} 7. Qe2 {[%emt 0:01:11]} h6 {[%emt 0:01:29]} 8. Bh4 {[%emt 0:00:07]} g6 {[%emt 0:00:07]} 9. f4 {[%emt 0:00:05]} e5 {[%emt 0:00:10]} 10. fxe5 {[%emt 0:00:06]} dxe5 {[%emt 0:00:05]} 11. O-O-O {[%emt 0:00:05]} Qc7 {[%emt 0:00:40]} 12. Nb3 {[%emt 0:00:09]} b5 {[%emt 0:00:41]} 13. Rxd7 {[%emt 0:15:54]} Nxd7 {[%emt 0:00:12]} 14. Nd5 {[%emt 0:00:06]} Qb8 {[%emt 0:00:10]} 15. Na5 {[%emt 0:03:10]} Bb7 {[%emt 0:08:08]} 16. Nf6+ {[%emt 0:04:24]} Ke7 {[%emt 0:11:33]} 17. Qf3 {[%emt 0:04:06]} g5 {[%emt 0:04:15]} 18. Nxd7 {[%emt 0:00:27]} Qd6 {[%emt 0:12:05]} 19. Nxf8 {[%emt 0:06:08]} gxh4 {[%emt 0:01:33]} 20. Nxb7 {[%emt 0:00:09]} Qb6 {[%emt 0:02:53]} 21. Bc4 {[%emt 0:10:03]} 1-0

[Event "Bruges Masters 2018"]
[Site "Brugge"]
[Date "2018.08.16"]
[Round "1"]
[White "Koziak, Vitali"]
[Black "Luminet, Denis"]
[Result "1-0"]
[WhiteElo "2476"]
[BlackElo "2144"]
[Annotator "ChessBase"]
[PlyCount "26"]
[EventDate "2018.08.12"]
[EventType "swiss"]
[EventCountry "BEL"]
[SourceTitle "playchess.com"]
[Source "ChessBase"]
[SourceQuality "1"]
[TimeControl "5400+30"]

1. d4 {[%emt 0:01:55]} e6 {[%emt 0:00:00]} 2. c4 {[%emt 0:00:10]} Nf6 {[%emt 0:00:00]} 3. Nf3 {[%emt 0:00:07]} d5 {[%emt 0:00:09]} 4. Nc3 {[%emt 0:00:09]} Nbd7 {[%emt 0:00:43]} 5. Bf4 {[%emt 0:02:33]} Bb4 {[%emt 0:04:19]} 6. e3 {[%emt 0:03:59]} c5 {[%emt 0:02:08]} 7. Qb3 {[%emt 0:06:57]} Qa5 {[%emt 0:05:23]} 8. Rc1 {[%emt 0:14:16]} cxd4 {[%emt 0:08:36]} 9. exd4 {[%emt 0:00:41]} O-O {[%emt 0:09:01]} 10. c5 {[%emt 0:03:18]} Ne4 {[%emt 0:03:09]} 11. a3 {[%emt 0:11:07]} Bxc3+ {[%emt 0:01:10]} 12. bxc3 {[%emt 0:00:06]} Ndf6 {[%emt 0:07:40]} 13. Bd3 {[%emt 0:02:45]} Bd7 {[%emt 0:07:32]} 1-0

[Event "Bruges Masters 2018"]
[Site "Brugge"]
[Date "2018.08.16"]
[Round "1"]
[White "Geirnaert, Steven"]
[Black "Verduyn, Frederic"]
[Result "1-0"]
[WhiteElo "2427"]
[BlackElo "2125"]
[Annotator "ChessBase"]
[PlyCount "29"]
[EventDate "2018.08.12"]
[EventType "swiss"]
[EventCountry "BEL"]
[SourceTitle "playchess.com"]
[Source "ChessBase"]
[SourceQuality "1"]
[TimeControl "5400+30"]

1. d4 {[%emt 0:00:00]} d6 {[%emt 0:00:55]} 2. e4 {[%emt 0:00:00]} Nf6 {[%emt 0:00:26]} 3. f3 {[%emt 0:00:10]} d5 {[%emt 0:00:54]} 4. e5 {[%emt 0:00:11]} Ng8 {[%emt 0:00:16]} 5. Bd3 {[%emt 0:00:24]} c5 {[%emt 0:01:19]} 6. c3 {[%emt 0:00:38]} Nc6 {[%emt 0:01:26]} 7. Ne2 {[%emt 0:00:15]} Qb6 {[%emt 0:05:31]} 8. Na3 {[%emt 0:09:34]} cxd4 {[%emt 0:06:05]} 9. cxd4 {[%emt 0:02:40]} a6 {[%emt 0:05:20]} 10. Nc2 {[%emt 0:00:38]} e6 {[%emt 0:08:46]} 11. a3 {[%emt 0:04:52]} Bd7 {[%emt 0:03:05]} 12. b4 {[%emt 0:03:15]} Nge7 {[%emt 0:01:33]} 13. f4 {[%emt 0:03:36]} Nf5 {[%emt 0:05:21]} 14. O-O {[%emt 0:09:20]} h5 {[%emt 0:05:06]} 15. Kh1 {[%emt 0:13:54]} 1-0

[Event "Bruges Masters 2018"]
[Site "Brugge"]
[Date "2018.08.16"]
[Round "1"]
[White "Shyaamnikhil P"]
[Black "Russell, Christopher"]
[Result "1-0"]
[WhiteElo "2389"]
[BlackElo "2117"]
[Annotator "NA"]
[PlyCount "38"]
[EventDate "2018.08.12"]
[EventType "swiss"]
[EventCountry "BEL"]
[SourceTitle "playchess.com"]
[Source "ChessBase"]
[SourceQuality "1"]
[TimeControl "5400+30"]

1. g3 {[%emt 0:00:00]} e6 {[%emt 0:00:14]} 2. Bg2 {[%emt 0:00:31]} Nf6 {[%emt 0:01:05]} 3. Nf3 {[%emt 0:01:28]} d5 {[%emt 0:00:43]} 4. O-O {[%emt 0:00:16]} Be7 {[%emt 0:00:23]} 5. d3 {[%emt 0:01:10]} O-O {[%emt 0:02:16]} 6. Nbd2 {[%emt 0:00:09]} c5 {[%emt 0:02:48]} 7. e4 {[%emt 0:00:12]} Nc6 {[%emt 0:01:48]} 8. Re1 {[%emt 0:00:12]} b5 {[%emt 0:05:44]} 9. e5 {[%emt 0:01:32]} Nd7 {[%emt 0:01:33]} 10. Nf1 {[%emt 0:00:21]} b4 {[%emt 0:03:54]} 11. h4 {[%emt 0:00:29]} a5 {[%emt 0:05:19]} 12. N1h2 {[%emt 0:00:15]} Re8 {[%emt 0:01:46]} 13. h5 {[%emt 0:03:40]} h6 {[%emt 0:01:43]} 14. Bf4 {[%emt 0:00:08]} Nf8 {[%emt 0:10:51]} 15. c4 {[%emt 0:06:46]} bxc3 {[%emt 0:05:45]} 16. bxc3 {[%emt 0:00:07]} Rb8 {[%emt 0:00:04]} 17. Ng4 {[%emt 0:09:58]} Nh7 {[%emt 0:06:08]} 18. Nfh2 {[%emt 0:01:37]} Bf8 {[%emt 0:04:24]} 19. c4 {[%emt 0:03:01]} Nd4 {[%emt 0:04:32]} 1-0

[Event "Bruges Masters 2018"]
[Site "Brugge"]
[Date "2018.08.16"]
[Round "1"]
[White "Hill, Alistair"]
[Black "Zeng, Chongsheng"]
[Result "0-1"]
[WhiteElo "2176"]
[BlackElo "2539"]
[Annotator "TA"]
[PlyCount "32"]
[EventDate "2018.08.12"]
[EventType "swiss"]
[EventCountry "BEL"]
[SourceTitle "playchess.com"]
[Source "ChessBase"]
[SourceQuality "1"]

{[%evp 17,32,6,25,9,35,36,80,39,46,42,41,36,63,12,20,14,59]} 1. Nf3 d5 2. g3 Bg4 3. Bg2 Nd7 4. O-O Ngf6 5. h3 Bh5 6. c4 {A07: Réti Opening: New York and Capablanca Systems} (6. d3 e5 7. e4 dxe4 8. dxe4 Nxe4 9. Re1 Bxf3 10. Qxf3 Nd6 {½-½ (10) Sargissian,G (2680)-Korobov,A (2664) Abu Dhabi 2018}) 6... c6 7. cxd5 cxd5 8. Nc3 e6 9. d3 Bc5 {LiveBook: 6 Games} 10. Qb3 Qb6 (10... Bxf3 $5 11. Bxf3 Ne5 $11) 11. Qxb6 Nxb6 12. Bf4 $146 ({Predecessor:} 12. g4 Bg6 13. Nh4 Nfd7 14. e4 dxe4 15. Nxe4 Bxe4 16. dxe4 {1-0 (55) Spiess,G (2415)-Boehnisch,M (2254) Germany 2012}) 12... a6 13. Rfc1 Bxf3 14. Bxf3 Nfd7 15. g4 (15. Kg2 $14) 15... Ke7 16. a4 Bd6 {[%mdl 32768] Loss on Time!?} 0-1

[Event "Bruges Masters 2018"]
[Site "Brugge"]
[Date "2018.08.16"]
[Round "1"]
[White "Beckett, Chris J"]
[Black "Dgebuadze, Alexandre"]
[Result "0-1"]
[WhiteElo "2155"]
[BlackElo "2511"]
[Annotator "ChessBase"]
[PlyCount "32"]
[EventDate "2018.08.12"]
[EventType "swiss"]
[EventCountry "BEL"]
[SourceTitle "playchess.com"]
[Source "ChessBase"]
[SourceQuality "1"]
[TimeControl "5400+30"]

1. d4 {[%emt 0:00:47]} e6 {[%emt 0:00:01]} 2. e4 {[%emt 0:00:22]} d5 {[%emt 0:00:05]} 3. e5 {[%emt 0:00:10]} c5 {[%emt 0:00:11]} 4. Nf3 {[%emt 0:00:11]} cxd4 {[%emt 0:02:33]} 5. Bd3 {[%emt 0:01:13]} Nc6 {[%emt 0:00:36]} 6. O-O {[%emt 0:00:22]} Nge7 {[%emt 0:00:33]} 7. Bf4 {[%emt 0:05:27]} Qb6 {[%emt 0:08:08]} 8. Nbd2 {[%emt 0:03:16]} Ng6 {[%emt 0:01:38]} 9. Bg3 {[%emt 0:01:17]} Nb4 {[%emt 0:12:43]} 10. Nb3 {[%emt 0:11:20]} Nxd3 {[%emt 0:00:09]} 11. Qxd3 {[%emt 0:00:20]} h5 {[%emt 0:03:02]} 12. Nh4 {[%emt 0:08:15]} Ne7 {[%emt 0:02:56]} 13. Bf4 {[%emt 0:06:02]} Bd7 {[%emt 0:02:09]} 14. Nxd4 {[%emt 0:04:32]} Nc6 {[%emt 0:01:17]} 15. Nhf3 {[%emt 0:01:34]} Be7 {[%emt 0:02:28]} 16. Rfe1 {[%emt 0:05:38]} Rc8 {[%emt 0:01:07]} 0-1

[Event "Bruges Masters 2018"]
[Site "Brugge"]
[Date "2018.08.16"]
[Round "1"]
[White "Galunova, Tsveta"]
[Black "Van Foreest, Lucas"]
[Result "0-1"]
[WhiteElo "2148"]
[BlackElo "2488"]
[Annotator "ChessBase"]
[PlyCount "32"]
[EventDate "2018.08.12"]
[EventType "swiss"]
[EventCountry "BEL"]
[SourceTitle "playchess.com"]
[Source "ChessBase"]
[SourceQuality "1"]
[TimeControl "5400+30"]

1. d4 {[%emt 0:00:39]} Nf6 {[%emt 0:00:00]} 2. c4 {[%emt 0:00:14]} e6 {[%emt 0:00:00]} 3. Nc3 {[%emt 0:00:10]} Bb4 {[%emt 0:00:03]} 4. Qc2 {[%emt 0:00:23]} b6 {[%emt 0:00:09]} 5. Nf3 {[%emt 0:02:42]} Bb7 {[%emt 0:00:07]} 6. Bd2 {[%emt 0:03:58]} O-O {[%emt 0:01:06]} 7. a3 {[%emt 0:00:54]} Bxc3 {[%emt 0:00:13]} 8. Bxc3 {[%emt 0:00:13]} Ne4 {[%emt 0:03:39]} 9. g3 {[%emt 0:02:15]} Nxc3 {[%emt 0:13:10]} 10. Qxc3 {[%emt 0:00:32]} c5 {[%emt 0:00:38]} 11. Bg2 {[%emt 0:04:50]} cxd4 {[%emt 0:05:37]} 12. Qxd4 {[%emt 0:00:13]} Nc6 {[%emt 0:00:16]} 13. Qf4 {[%emt 0:08:34]} Rc8 {[%emt 0:06:02]} 14. Rc1 {[%emt 0:05:41]} Na5 {[%emt 0:06:19]} 15. O-O {[%emt 0:17:30]} Bxf3 {[%emt 0:01:13]} 16. Bxf3 {[%emt 0:03:31]} Qf6 {[%emt 0:01:02]} 0-1

[Event "Bruges Masters 2018"]
[Site "Brugge"]
[Date "2018.08.16"]
[Round "1"]
[White "Jicman, Ligia-Letitia"]
[Black "Lai, Hing Ting"]
[Result "0-1"]
[WhiteElo "2134"]
[BlackElo "2459"]
[Annotator "ChessBase"]
[PlyCount "36"]
[EventDate "2018.08.12"]
[EventType "swiss"]
[EventCountry "BEL"]
[SourceTitle "playchess.com"]
[Source "ChessBase"]
[SourceQuality "1"]
[TimeControl "5400+30"]

1. e4 {[%emt 0:00:35]} g6 {[%emt 0:00:00]} 2. d4 {[%emt 0:00:10]} Bg7 {[%emt 0:00:00]} 3. Nf3 {[%emt 0:00:08]} c6 {[%emt 0:00:05]} 4. Nc3 {[%emt 0:00:31]} d5 {[%emt 0:00:14]} 5. Bf4 {[%emt 0:00:19]} Bg4 {[%emt 0:01:14]} 6. exd5 {[%emt 0:00:16]} cxd5 {[%emt 0:00:13]} 7. Nb5 {[%emt 0:00:18]} Na6 {[%emt 0:00:31]} 8. c3 {[%emt 0:00:15]} Nf6 {[%emt 0:00:24]} 9. h3 {[%emt 0:00:35]} Bf5 {[%emt 0:01:29]} 10. Be2 {[%emt 0:01:03]} O-O {[%emt 0:00:18]} 11. O-O {[%emt 0:00:05]} h6 {[%emt 0:00:36]} 12. Bh2 {[%emt 0:04:19]} g5 {[%emt 0:06:10]} 13. Ne5 {[%emt 0:01:19]} Nd7 {[%emt 0:03:41]} 14. f4 {[%emt 0:00:42]} f6 {[%emt 0:02:00]} 15. Nd3 {[%emt 0:08:19]} Qb6 {[%emt 0:11:14]} 16. a4 {[%emt 0:10:59]} e5 {[%emt 0:07:21]} 17. fxg5 {[%emt 0:09:49]} fxg5 {[%emt 0:01:41]} 18. Nxe5 {[%emt 0:13:34]} Bxe5 {[%emt 0:07:24]} 0-1

[Event "Bruges Masters 2018"]
[Site "Brugge"]
[Date "2018.08.16"]
[Round "1"]
[White "Den Hartog, Marijn"]
[Black "Chernov, Vadim"]
[Result "1-0"]
[WhiteElo "2118"]
[BlackElo "2412"]
[Annotator "ChessBase"]
[PlyCount "28"]
[EventDate "2018.08.12"]
[EventType "swiss"]
[EventCountry "BEL"]
[SourceTitle "playchess.com"]
[Source "ChessBase"]
[SourceQuality "1"]
[TimeControl "5400+30"]

1. e4 {[%emt 0:00:00]} c5 {[%emt 0:00:59]} 2. Nf3 {[%emt 0:00:30]} e6 {[%emt 0:00:07]} 3. g3 {[%emt 0:01:29]} Nc6 {[%emt 0:00:12]} 4. Bg2 {[%emt 0:01:50]} Nf6 {[%emt 0:00:05]} 5. Qe2 {[%emt 0:01:48]} Be7 {[%emt 0:00:17]} 6. c3 {[%emt 0:00:44]} d5 {[%emt 0:00:22]} 7. e5 {[%emt 0:00:27]} Nd7 {[%emt 0:04:44]} 8. O-O {[%emt 0:01:24]} Qc7 {[%emt 0:00:57]} 9. d4 {[%emt 0:00:50]} b6 {[%emt 0:00:56]} 10. Bf4 {[%emt 0:09:19]} g5 {[%emt 0:06:02]} 11. Bxg5 {[%emt 0:23:50]} Bxg5 {[%emt 0:01:07]} 12. Nxg5 {[%emt 0:00:03]} cxd4 {[%emt 0:00:22]} 13. Qh5 {[%emt 0:01:02]} Nf8 {[%emt 0:05:09]} 14. c4 {[%emt 0:07:05]} Nd8 {[%emt 0:25:19]} 1-0

[Event "Bruges Masters 2018"]
[Site "Brugge"]
[Date "2018.08.16"]
[Round "1"]
[White "Altea, Alessandro"]
[Black "Gonzales, Jayson"]
[Result "0-1"]
[WhiteElo "2116"]
[BlackElo "2383"]
[Annotator "NA"]
[PlyCount "40"]
[EventDate "2018.08.12"]
[EventType "swiss"]
[EventCountry "BEL"]
[SourceTitle "playchess.com"]
[Source "ChessBase"]
[SourceQuality "1"]
[TimeControl "5400+30"]

1. e4 {[%emt 0:00:00]} c6 {[%emt 0:00:00]} 2. d4 {[%emt 0:00:10]} d5 {[%emt 0:00:00]} 3. e5 {[%emt 0:00:17]} c5 {[%emt 0:00:52]} 4. dxc5 {[%emt 0:00:12]} e6 {[%emt 0:01:36]} 5. a3 {[%emt 0:00:20]} Bxc5 {[%emt 0:00:13]} 6. b4 {[%emt 0:01:17]} Bb6 {[%emt 0:00:43]} 7. Nf3 {[%emt 0:00:52]} Ne7 {[%emt 0:00:38]} 8. Bb2 {[%emt 0:03:43]} Nbc6 {[%emt 0:01:26]} 9. Bd3 {[%emt 0:01:01]} Ng6 {[%emt 0:00:27]} 10. O-O {[%emt 0:01:08]} O-O {[%emt 0:00:17]} 11. Re1 {[%emt 0:03:19]} Nf4 {[%emt 0:01:25]} 12. Bf1 {[%emt 0:05:50]} f6 {[%emt 0:02:43]} 13. exf6 {[%emt 0:03:15]} gxf6 {[%emt 0:00:11]} 14. c4 {[%emt 0:00:06]} e5 {[%emt 0:18:44]} 15. Bc1 {[%emt 0:10:42]} dxc4 {[%emt 0:04:15]} 16. Bxf4 {[%emt 0:02:56]} Qxd1 {[%emt 0:03:05]} 17. Bxc4+ {[%emt 0:05:15]} Kh8 {[%emt 0:00:13]} 18. Rxd1 {[%emt 0:00:04]} exf4 {[%emt 0:00:05]} 19. h3 {[%emt 0:11:11]} Ne5 {[%emt 0:00:53]} 20. Be2 {[%emt 0:00:16]} Be6 {[%emt 0:02:53]} 0-1

[Event "Bruges Masters 2018"]
[Site "Brugge"]
[Date "2018.08.16"]
[Round "2"]
[White "Zeng, Chongsheng"]
[Black "Rajesh, V A V"]
[Result "1/2-1/2"]
[WhiteElo "2539"]
[BlackElo "2325"]
[Annotator "ChessBase"]
[PlyCount "133"]
[EventDate "2018.08.12"]
[EventType "swiss"]
[EventCountry "BEL"]
[SourceTitle "playchess.com"]
[Source "ChessBase"]
[SourceQuality "1"]
[TimeControl "5400+30"]

1. d4 {[%emt 0:00:00]} Nf6 {[%emt 0:00:00]} 2. Nf3 {[%emt 0:00:00]} g6 {[%emt 0:00:02]} 3. Bg5 {[%emt 0:00:00]} Bg7 {[%emt 0:00:39]} 4. Nbd2 {[%emt 0:00:00]} d5 {[%emt 0:00:09]} 5. e3 {[%emt 0:00:10]} O-O {[%emt 0:00:29]} 6. Rc1 {[%emt 0:00:02]} c6 {[%emt 0:06:30]} 7. c4 {[%emt 0:07:00]} Ne4 {[%emt 0:00:54]} 8. Bh4 {[%emt 0:00:45]} Bf6 {[%emt 0:11:59]} 9. Bxf6 {[%emt 0:01:14]} exf6 {[%emt 0:00:39]} 10. Bd3 {[%emt 0:03:35]} Nxd2 {[%emt 0:04:41]} 11. Nxd2 {[%emt 0:00:36]} Be6 {[%emt 0:02:51]} 12. O-O {[%emt 0:02:46]} Nd7 {[%emt 0:01:02]} 13. Qb3 {[%emt 0:07:38]} Qb6 {[%emt 0:07:43]} 14. Qc3 {[%emt 0:04:05]} f5 {[%emt 0:03:20]} 15. cxd5 {[%emt 0:09:22]} Bxd5 {[%emt 0:01:39]} 16. f3 {[%emt 0:00:03]} Rad8 {[%emt 0:02:57]} 17. Kh1 {[%emt 0:01:44]} Nf6 {[%emt 0:02:01]} 18. b3 {[%emt 0:04:47]} Rfe8 {[%emt 0:02:55]} 19. Rce1 {[%emt 0:02:46]} Be6 {[%emt 0:02:19]} 20. Nc4 {[%emt 0:00:52]} Nd5 {[%emt 0:02:43]} 21. Qb2 {[%emt 0:04:11]} Qb4 {[%emt 0:03:59]} 22. a3 {[%emt 0:01:07]} Qe7 {[%emt 0:05:07]} 23. b4 {[%emt 0:04:20]} Nb6 {[%emt 0:08:09]} 24. Na5 {[%emt 0:01:56]} Rd7 {[%emt 0:01:11]} 25. Qf2 {[%emt 0:05:59]} Qd6 {[%emt 0:03:57]} 26. Qg3 {[%emt 0:04:33]} f4 {[%emt 0:05:45]} 27. exf4 {[%emt 0:00:49]} Qxd4 {[%emt 0:01:27]} 28. Bb1 {[%emt 0:03:01]} Rde7 {[%emt 0:11:54]} 29. f5 {[%emt 0:11:57]} Bc4 {[%emt 0:00:28]} 30. fxg6 {[%emt 0:01:39]} hxg6 {[%emt 0:00:11]} 31. Rxe7 {[%emt 0:03:47]} Rxe7 {[%emt 0:00:03]} 32. Rg1 {[%emt 0:00:01]} Nd5 {[%emt 0:03:57]} 33. Qd6 {[%emt 0:02:30]} Bd3 {[%emt 0:03:16]} 34. Qc5 {[%emt 0:07:14]} Qxc5 {[%emt 0:00:15]} 35. bxc5 {[%emt 0:00:03]} Bb5 {[%emt 0:00:31]} 36. h4 {[%emt 0:05:55]} b6 {[%emt 0:01:07]} 37. Nb3 {[%emt 0:00:29]} Re3 {[%emt 0:00:20]} 38. cxb6 {[%emt 0:00:13]} axb6 {[%emt 0:00:45]} 39. Nd4 {[%emt 0:00:41]} Ba4 {[%emt 0:00:33]} 40. Be4 {[%emt 0:00:44]} c5 {[%emt 0:00:26]} 41. Nf5 {[%emt 0:01:22]} gxf5 {[%emt 0:00:06]} 42. Bxd5 {[%emt 0:00:02]} Rxa3 {[%emt 0:00:06]} 43. Re1 {[%emt 0:00:11]} Rd3 {[%emt 0:00:11]} 44. Re5 {[%emt 0:00:32]} Bb3 {[%emt 0:00:45]} 45. Bxb3 {[%emt 0:00:43]} Rxb3 {[%emt 0:00:03]} 46. Kg1 {[%emt 0:00:01]} Rb2 {[%emt 0:01:44]} 47. Kf1 {[%emt 0:00:37]} c4 {[%emt 0:00:12]} 48. Ke1 {[%emt 0:00:08]} f4 {[%emt 0:01:04]} 49. Kd1 {[%emt 0:00:12]} c3 {[%emt 0:00:53]} 50. Re8+ {[%emt 0:01:22]} Kg7 {[%emt 0:00:05]} 51. Rc8 {[%emt 0:00:02]} Rd2+ {[%emt 0:00:43]} 52. Kc1 {[%emt 0:00:12]} Rxg2 {[%emt 0:00:33]} 53. Rxc3 {[%emt 0:00:06]} Rg6 {[%emt 0:00:22]} 54. Rb3 {[%emt 0:01:32]} Kh6 {[%emt 0:00:39]} 55. Rb4 {[%emt 0:00:24]} Rf6 {[%emt 0:00:18]} 56. Rb5 {[%emt 0:00:01]} Kg6 {[%emt 0:00:32]} 57. Rg5+ {[%emt 0:00:10]} Kh6 {[%emt 0:00:15]} 58. Rb5 {[%emt 0:00:24]} Rc6+ {[%emt 0:00:52]} 59. Kd2 {[%emt 0:00:08]} Rc5 {[%emt 0:00:20]} 60. Rxb6+ {[%emt 0:00:24]} Kh5 {[%emt 0:00:03]} 61. Rf6 {[%emt 0:00:27]} Rc4 {[%emt 0:00:32]} 62. Rxf7 {[%emt 0:00:35]} Kxh4 {[%emt 0:00:05]} 63. Rg7 {[%emt 0:00:02]} Kh5 {[%emt 0:00:35]} 64. Kd3 {[%emt 0:00:30]} Ra4 {[%emt 0:00:04]} 65. Rg8 {[%emt 0:00:35]} Kh6 {[%emt 0:00:13]} 66. Rd8 {[%emt 0:00:40]} Kg5 {[%emt 0:00:20]} 67. Rg8+ {[%emt 0:03:34]} 1/2-1/2